003410000a2200097000450024500530000030000560005377300190010994200080012895200900013699900170022610aStatement on the Iraqi-Kuwait crisis by the WARC aVol. 41, Num 4 (Diciembre, 1990), Páginas 116-1170 tReformed World cANA 001040708HEMaFUSBCbFUSBCd2016-01-26l0o r2016-01-26 00:00:00w2016-01-26yANA c55269d55269